Die doppelte Buchhaltung für Kaufleute in Helwigs Manier
Gespeichert in:
| Format: | Buch |
|---|---|
| Sprache: | Deutsch |
| Veröffentlicht: |
Prag
Widtmann
1793
|
| Tags: |
Keine Tags, Fügen Sie das erste Tag hinzu!
|
MARC
| LEADER | 00000nam a2200000 4500 | ||
|---|---|---|---|
| 001 | 0312564 | ||
| 005 | 20251002103259.7 | ||
| 041 | 0 | |a ger | |
| 044 | |a CZ | ||
| 245 | 1 | 0 | |a Die doppelte Buchhaltung für Kaufleute in Helwigs Manier |c J. Michael Resler |
| 264 | 1 | |a Prag |b Widtmann |c 1793 | |